000 00807cam a22002411 4500
001 gs 34000185
003 DLC
005 20260227111338.0
008 790324s1933 xx ab 000 0 eng
010 _ags 34000185
035 _a(OCoLC)4774482
040 _aDLC
_cTxHU
_dDLC
042 _apremarc
050 0 0 _aQE89
_b.L5
100 1 _aLivingston, Alfred.
245 1 0 _aGeological journeys in southern California,
_cby Alfred Livingston, Jr. [and] William C. Putnam.
260 _aLos Angeles,
_c1933.
300 _a104 p.
_billus., maps.
_c23 cm.
490 0 _aLos Angeles Junior College. Publication
_vno. 1, Geology ser. no. 1, January 30, 1933
504 _aIncludes bibliographies.
650 0 _aGeology
_zCalifornia, Southern.
700 1 _aPutnam, William Clement,
_d1908-1963,
_ejoint author.
999 _c27116
_d27116